Electrochemistry in transition: from the 20th to the 21 st century
Uloženo v:
| Hlavní autoři: | , , |
|---|---|
| Médium: | Kniha |
| Jazyk: | angličtina |
| Vydáno: |
Nueva York
Plenum Press
1992
|
| Témata: | |
| Tagy: |
Přidat tag
Žádné tagy, Buďte první, kdo vytvoří štítek k tomuto záznamu!
|
MARC
| LEADER | 00000nam a2200000 a 4500 | ||
|---|---|---|---|
| 001 | UCX9418 | ||
| 003 | CL-VaPUC | ||
| 008 | 940606e19920000US |||||||||||||||||eng|d | ||
| 082 | 0 | 4 | |a 541.37 |b MUR |2 21 |
| 100 | |a Murphy, Oliver J. |e author |9 326803 | ||
| 700 | 0 | |a Srinivasan, Supramaniam |e author |9 326804 | |
| 700 | 0 | |a Onway, B. E |e author |9 326805 | |
| 245 | 1 | 0 | |a Electrochemistry in transition: from the 20th to the 21 st century |
| 300 | |a 683 p | ||
| 942 | |c BK | ||
| 945 | |d 19940606 00:00:00 |a mfernand | ||
| 260 | |a Nueva York |b Plenum Press |c 1992 | ||
| 650 | 0 | |a Electroquímica |9 263973 | |
| 583 | |a last modification |c 19940606 00:00:00 |k Rodrigo Vera | ||
| 999 | |c 228661 |d 228659 | ||
| 952 | |0 0 |1 0 |4 0 |6 541_370000000000000_MUR_1992 |7 0 |8 A |9 228976 |a BIBCUR |b BIBCUR |d 2019-11-15 |i 2983028 |o 541.37 MUR 1992 |p 2983028 |r 2025-04-22 |w 2019-11-15 |y BK |k QUI | ||